Countries Ending in 'bia' Quiz Stats

 Plays Quiz Updated Apr 6, 2018

Challenge
Share
Tweet
Embed
Score 0/6 Timer 01:00
3 Plays Today
Country % Correct
Namibia
64.4%
Colombia
59%
Serbia
57.9%
Zambia
55.4%
The Gambia
45.2%
Saudi Arabia
30.3%

You're not logged in!

Compare scores with friends on all Sporcle quizzes.
OR
Log In

You Might Also Like...

Show Comments

Extras

Top Quizzes Today


Score Distribution

Your Account Isn't Verified!

In order to create a playlist on Sporcle, you need to verify the email address you used during registration. Go to your Sporcle Settings to finish the process.

Report this User

Report this user for behavior that violates our Community Guidelines.

Details: